| 000 | 00702nam a2200301Ia 4500 | ||
|---|---|---|---|
| 005 | 20260401122051.0 | ||
| 008 | 008 250103s9999 xx 000 0 eng d | ||
| 020 | _a804734062 | ||
| 037 | _aTB | ||
| 040 | _aEDL | ||
| 040 | _beng | ||
| 040 | _cEDL | ||
| 041 | _2eng | ||
| 041 | _aeng | ||
| 084 | _a177.1 DER | ||
| 084 | _qEDL | ||
| 100 | _aDerrida, Jacques | ||
| 245 | 0 | _aOf Hospitality: Anne Dufourmantelle Invites Jacques Derrida to Respond | |
| 245 | 0 | _cDerrida, Jacques | |
| 260 | _aStandford | ||
| 260 | _bStandford University Press | ||
| 260 | _c2000 | ||
| 300 | _a160p | ||
| 942 | _cTB | ||
| 942 | _h177.1 DER | ||
| 999 |
_c1844694 _d1844694 |
||